Historia y realidad del poder (Record no. 191303)

MARC details
000 -LEADER
campo de control de longitud fija 01143cam a22003011 4500
001 - NÚMERO DE CONTROL
campo de control 191303
003 - IDENTIFICADOR DE NÚMERO DE CONTROL
campo de control SpMaBN
005 - FECHA Y HORA DE LA ÚLTIMA TRANSACCIÓN
campo de control 20250604062637.0
008 - DATOS DE LONGITUD FIJA--INFORMACIÓN GENERAL
campo de control de longitud fija 220919s1967 sp ||| ||spa
016 7# - NÚMERO DE CONTROL DE UNA AGENCIA BIBLIOGRÁFICA NACIONAL
Número de control del registro bimoBNE20000951959
Número de control cancelado/no válido IND2000895744 [
Fuente SpMaBN]
017 ## - NÚMERO DE COPYRIGHT O DE DEPÓSITO LEGAL
Número de copyright o de depósito legal M 11512-1967
Agencia que asigna Oficina Depósito Legal Madrid
040 ## - FUENTE DE CATALOGACIÓN
Centro catalogador/agencia de origen SpMaBN
Lengua de catalogación spa
Centro/agencia transcriptor CDM
080 ## - NÚMERO DE LA CLASIFICACIÓN DECIMAL UNIVERSAL
Número de la Clasificación Decimal Universal 946"1901/36"
080 ## - NÚMERO DE LA CLASIFICACIÓN DECIMAL UNIVERSAL
Número de la Clasificación Decimal Universal 32(46)"1901/36"
100 0# - ENTRADA PRINCIPAL--NOMBRE DE PERSONA
Nombre de persona Tuñón de Lara, Manuel,
Fechas asociadas al nombre 1915-1997
9 (RLIN) 111681
245 10 - MENCIÓN DEL TÍTULO
Título Historia y realidad del poder
Resto del título (el poder y las élites en el primer tercio de la España del siglo XX)...
260 ## - PUBLICACIÓN, DISTRIBUCIÓN, ETC.
Lugar de publicación, distribución, etc. Madrid :
Nombre del editor, distribuidor, etc. Cuadernos para el Diálogo,
Fecha de publicación, distribución, etc. 1967.
300 ## - DESCRIPCIÓN FÍSICA
Extensión 210 p. ;
Dimensiones 18 cm.
490 1# - MENCIÓN DE SERIE
Mención de serie Cuadernos para el diálogo ;
Designación de volumen o secuencia 11
651 #4 - PUNTO DE ACCESO ADICIONAL DE MATERIA--NOMBRE GEOGRÁFICO
Nombre geográfico España-
Subdivisión general Historia-
Subdivisión cronológica 1902-1931, Alfonso XIII
9 (RLIN) 8276
651 #7 - PUNTO DE ACCESO ADICIONAL DE MATERIA--NOMBRE GEOGRÁFICO
Nombre geográfico España-
Subdivisión general Historia-
Subdivisión cronológica 1931-1939, II República.
9 (RLIN) 8283
830 0# - PUNTO DE ACCESO ADICIONAL DE SERIE-TÍTULO UNIFORME
Título uniforme Cuadernos para el diálogo ;
Designación de volumen o secuencia 11
9 (RLIN) 181812
852 ## - LOCALIZACIÓN
Ubicación ES-MaACL
Número de control de estantería C-47674
itemnumber 152481
Sublocalización o colección R.63840
Ubicación en estantería Depósito 2
852 ## - LOCALIZACIÓN
Ubicación ES-MaACL
itemnumber 152481
Sublocalización o colección R.63840
Número de control de estantería C-33321
Ubicación en estantería Depósito J
942 ## - ELEMENTOS DE ENTRADA SECUNDARIOS (KOHA)
Fuente del sistema de clasificación o colocación Clasificación decimal universal
Suprimir en OPAC No
Tipo de ítem Koha Libro impreso
Holdings
Estatus retirado Estado de pérdida Fuente del sistema de clasificación o colocación Estado de daño No para préstamo Biblioteca de origen Biblioteca actual Ubicación en estantería Fecha de adquisición Fuente de adquisición Total de préstamos Signatura topográfica completa Código de barras Visto por última vez Precio de reemplazo Tipo de ítem Koha
    Clasificación decimal universal     Biblioteca del Ateneo de Madrid Biblioteca del Ateneo de Madrid Depósito 2 17/01/2008 Donación   C-33321 1153609 23/02/2023 23/02/2023 Libro impreso
  Falta en biblioteca Clasificación decimal universal     Biblioteca del Ateneo de Madrid Biblioteca del Ateneo de Madrid Depósito 2 19/09/2022     C-47674 1203624 23/02/2023 23/02/2023 Libro impreso